000 01283nam a22003497a 4500
003 CHAP
005 20220329135207.0
008 971013s1976 mx r 00010 spa d
010 _a32413
011 _a33385
035 _a37500
040 _cCHAP
090 _aFolleto 3326
100 0 0 _aMata Beltrán, Inocente.
_972854
245 1 _aProblemas de frutificación en mandarino c.v. "Sta. Mónica" en una área citrícola del estado de Veracruz
260 _aMéxico, D.F. :
_bComisión Nacional de Fruticultura,
_c1976
300 _a18 p. :
_bgráfs
490 _aSerie fruticultura técnica
_v; 2
590 _aBATCH-UPD
_b10
_c20130110
_lUCH01
_h2153
590 _aBATCH-UPD
_b10
_c20130410
_lUCH01
_h1501
590 _aBATCH-UPD
_b10
_c20130914
_lUCH01
_h1742
590 _aCONVERSION
_b10
_c20130109
_lUCH01
_h1318
650 1 4 _aMandarina
_xFisiología y morfología.
_970332
650 1 4 _aMandarina
_xVeracruz.
_970341
700 0 _aManjarrez Morales, Pedro.
_970488
830 0 _aSerie fruticultura técnica
_v; 2
_9104880
901 _aBK
942 _cFOLL
949 _aFolleto 3326
_bBC
_cFOLL
_d-85993
_eTS1
_i37500
_mD
_si
949 _aFolleto 3326
_bBC
_cFOLL
_d-85994
_eTS2
_fc.2
_i37500
_mD
_si
949 _aFolleto 3326
_bBC
_cFOLL
_d33724002239363
_eTS2
_fc.3
_gDonaciØn
_i37500
_sb
999 _c32413
_d32413